[Event "FIDE World Cup-C"]
[Site "Hyderabad IND"]
[Date "2002.10.13"]
[Round "4"]
[White "Sasikiran, Krishnan"]
[Black "Kasimdzhanov, Rustam"]
[Result "0-1"]
[WhiteElo "2670"]
[BlackElo "2653"]
[EventDate "2002.10.05"]
[Annotator "Tsesarsky"]
[PlyCount "68"]
[EventType "tourn"]
[EventRounds "5"]
[EventCountry "IND"]
[EventCategory "16"]
[Source "ChessBase"]
[SourceDate "2003.02.06"]
[WhiteTeamCountry "CZE"]
[BlackTeamCountry "CZE"]

1. d4 {
Good, Better, Best

Show two experienced players a complex position, and they are both likely
to find a good move. The stronger player is likely to find it faster. But 
he's also
more likely to keep looking once he's found it.
As good as the move may appear, the master looks for a better one. That
often makes the difference of a half-point, if not a full one.
} 1. ... Nf6 2. c4 g6 3. Nc3 Bg7 4. e4 d6 5. Nf3 O-O 6. Be2 e5 7. Be3 h6 {
'?!' Kasimdzhanov. Kasimdzhanov: 'a dubious line, chosen due to tournament
situation'} 8. O-O Ng4 9. Bc1 Nc6 10. d5 Ne7 11. Ne1 f5 12. Bxg4 fxg4 13. 
Be3 g5 {This variation has bad reputation. Therefore readiness of 
Kasimdzanov to play that is surprise, unless he knows something. Most of 
opening results of the games played this variation was in White's favour, 
see below.} 14. c5 ( 14. f3 gxf3 15. Rxf3 Rxf3 16. Qxf3 b6 ( 16. ... Ng6 
17. g3 Nf8 18. Ng2 += {1-0 Stojanovic,M-Poluljahov,A/Tivat 1995/EXT 2000 
(102)} ) 17. a4 Ng6 18. g3 Bd7 19. Ng2 Qc8 20. Bd2 Bg4 21. Qd3 Bh3 22. Nd1
a5 23. Nge3 Qe8 24. Nf2 Bd7 25. b3 += {1/2-1/2 Stojanovic,M-Szuk,B/Zagan 
1995/EXT 97 (65)} ) 14. ... Ng6 {Plans of sides are clear: White develops 
activity on the queenside, Black prepares an Attack on the kingside.} ( 
14. ... dxc5 {after this move White had to sacrifice an exchange.} 15. 
Bxc5 b6 16. Ba3 Ba6 17. Qxg4 Bxf1 18. Kxf1 Rf7 19. Nc2 c5 20. Rd1 Ng6 21. 
g3 Qf6 22. Rd2 Bf8 23. Ne3 += {1-0 Gross,S-Salai,L/ Brno 1990/EXT 97 (40)}
) 15. Rc1 ( {White has a lot of strong moves herel:} 15. a4 a6 16. b4 Qe7 
17. Nd3 Nf4 18. Nb2 h5 19. Nc4 Bd7 20. Rc1 Rf7 21. cxd6 cxd6 22. Nb6 Raf8 
23. Nb1 += {1-0 Ehlvest,J-Dzindzichashvili,R/New York 1994/CBM 41 ext (55)
} ) ( {Or} 15. b4 Nh4 ( 15. ... Rf7 16. a4 Bf8 17. a5 a6 18. Nc2 Bd7 19. 
Na3 Nf4 20. Nc4 += {1-0 Shchekachev,A-Hernandez,G/Linares 1996/CBM 51 ext 
(40)} ) 16. a4 Rf4 17. Rc1 Qe8 18. cxd6 Qh5 19. dxc7 Nf3+ 20. Nxf3 gxf3 
21. Bxf4 exf4 22. d6 +- {1-0 Ehlvest,J-Link,M/Reykjavik 1994/CBM 39 ext 
(29)} ) ( {Or} 15. g3 Nf4 16. gxf4 gxf4 17. Bd2 f3 18. cxd6 cxd6 19. Rc1 
Bd7 20. a4 a6 21. Nb1 b5 22. Bb4 Rf4 23. Nd2 Bf8 24. Nd3 Rf7 25. b3 Qh4 
26. Kh1 a5 27. Ba3 b4 28. Bb2 Be7 29. Nc4 Rg7 30. Rg1 +- ( 30. Qe1?? Rg5 
-+ {0-1 Eriksson,A-Petersen,S/ Copenhagen 1997/EXT 2000 (33)} ) ) ( 15. 
cxd6 cxd6 16. a4 Rf7 17. Nb5 a6 18. Na3 Rb8 19. Nc4 += ( 19. Ba7 Ra8 20. 
Be3 Rb8 21. Ba7 {1/2-1/ 2 Gustafsson,J-Nunn,J/Hamburg GER 2002/The Week in
Chess 419 (21)} ) ) 15. ... Rf7 ( 15. ... Qe8 16. a4 a6 17. Nc2 Nf4 18. 
cxd6 cxd6 19. Na3 Qg6 20. Nc4 {This N route is standard in this type of 
position.} 20. ... Rb8 ( 20. ... Bd7 21. Nb6 Rad8 22. Nxd7 Rxd7 23. Qxg4 
+- {1-0 Akesson,R-Meessen,R/Leuven 1998/EXT 99 (42)} ) 21. Nb6 h5 22. a5 
+/- ) 16. cxd6 {'N' Kasimdzhanov. Ftacnik: 'Very interesting system, since
white courageously exchanged the knight on g4. His chances on the 
queenside have thus been improved, but on the other flank black's 
counterplay is quite dangerous.'} ( 16. Nb5! Nf4 17. cxd6 cxd6 18. Qc2 Bf8
19. Bxf4 gxf4 20. Nc7 Rb8 21. Ne6 Qe8 22. Nxf8 Qxf8 23. g3 +/- {
Santos,L-Kopilov,I, corr Wch-13, 1994} ) ( 16. b4 Bf8 17. a4 a5 18. cxd6 
cxd6 19. b5 b6 20. Ne2 Rb8 21. Ng3 Nf4 22. Nd3 h5 23. Nb2 h4 24. Nf5 Rxf5 
( 24. ... Bxf5 25. exf5 Rxf5 ( 25. ... Qf6 26. Qxg4 Qxf5 27. Qxf5 Rxf5 28.
 Bxf4 exf4 29. Rfd1 +/- ) 26. Qxg4 Qf6 27. Rfd1 +/- ) 25. exf5 Bxf5 26. 
Rc6 +/- {1-0 Giorgadze,G-Martinez Martin,D/Mondariz Balneario 1999/ EXT 
2000 (38)} ) ( 16. Qb3 Nf4 17. Qc4 b6 18. cxd6 cxd6 19. Rc2 Rc7 20. Qb3 
Ba6 21. Nb5 Rxc2 22. Nxc2 Qd7 23. a4 Rf8 24. Re1 Bf6 25. Bd2 Be7 26. Ne3 
Rc8 27. Nf5 +/- {1-0 Parker,J-Forster,R/Singapore 1990/EXT 97 (44)} ) ( 
16. f3?! {Not the best move...} 16. ... gxf3 17. Nxf3 Bf8 18. cxd6 Bxd6 
19. Nd2 Nf4 20. g3 Bh3 21. Rf2 Qd7 22. Nf3 ( 22. Qb3 b6 23. Nb5 Qg4 24. 
Re1 Raf8 {with dangerous Attack.} ) 22. ... Ng6 23. Nd2 Nf4 24. Nf3 Ng6 
25. Nd2 {1/ 2-1/2 Adamski,J-Buenermann,V/Giessen 1993/GER (25)} ) ( 16. a4
Bf8 17. cxd6 ( 17. b4 += {Kasimdzhanov} ) 17. ... Bxd6 18. g3 a6 19. Nd3 
Qe7 20. a5 Rg7 21. Na4 Nf4 22. Nac5 Nxd3 23. Qxd3 Qe8 24. Rc3 += {1/2-1/2 
Stojanovic,M-Shaplyko,A/Zagan 1995/EXT 97 (51)} ) 16. ... cxd6 17. a4 Bf8 
18. Nb5 Bd7 19. b3!? {'!' Kasimdzhanov. Not in the spirit of the position.
} ( 19. Qb3 âŒ“ Nf4 20. Kh1 Qa5 21. Nc3 Rb8 22. Nc2 += ) ( 19. Nxa7 {
Ftacnik} 19. ... Qa5 20. Nb5 Qxa4 21. Qxa4 Rxa4 22. Nc3 Ra8 =, quiet ( 
22. ... Rc4 =, quiet {Kasimdzhanov} ) ) ( 19. Nc7 {Kasimdzhanov} 19. ... 
Bxa4 20. Qxa4 Rxc7 21. Rxc7 Qxc7 22. Nd3 Nf4 â–¡ 23. Bxf4 gxf4 24. Rc1 Qg7
~ ) 19. ... Nf4 ( 19. ... a6 {Ftacnik} 20. Nc7 Rc8 21. Ne6 Rxc1 22. Qxc1 
Qc8 23. Qxc8 Bxc8 24. Nxf8 Kxf8 25. Nd3 += ) 20. Nd3?! {'?' Kasimdzhanov. 
Kasimdzhanov: 'this makes things rather unclear. White could have obtained
an advantage by'} ( {Strong was} 20. Nxa7! Qa5 21. Nb5 Bxb5 22. axb5 Qxb5 
( 22. ... h5 {Kasimdzhanov} 23. f3! ( 23. b6 {Kasimdzhanov} 23. ... Qb5 
24. Rc4 Ra3 ~ ) 23. ... Qxb5 24. Bxf4 gxf4 25. fxg4 +/- ) 23. Rc4 ( 23. 
Bxf4 {Ftacnik} 23. ... Rxf4 ( 23. ... exf4 {Ftacnik} 24. Qxg4 Qxb3 25. h4 
+/- ) 24. Rc4 Ra3 ( 24. ... Rf7 {Ftacnik} 25. Nd3 Ra3 26. Rc3 +/- ) 25. 
Nd3 Rxb3 26. Nxf4 Qxc4 27. Nh5 +/- ) 23. ... Qd7 24. Ra4 += ) 20. ... Bxb5
{'!' Kasimdzhanov.} 21. axb5 Qd7 22. Nb2? -/+ {Bad P sacrifice.} ( {Why 
not} 22. b6 axb6 23. Rc3 Ra2 ( 23. ... b5 {Kasimdzhanov} 24. Qc2 =/& ) 24.
 Rc2 Ra6 25. Qd2 Qb5 26. Rc3 Nxd3 27. Rxd3 Ra2 28. Qxa2 Qxd3 â‡„â‡„ ) 
22. ... Qxb5 23. Nc4 h5 24. Ra1 a6 {Kasimdzhanov: 'in fact, white has a 
very reasonable compensation for a pawn'} 25. f3 {'?' Ftacnik. '?!' 
Kasimdzhanov. Kasimdzhanov: 'but this gives black objects of counetrplay' 
Ftacnik: 'Strategically faulty solution, Sasikiran is opening up the f 
file for black pieces. White had to concentrate on the occupation of the 
open c file.'} ( 25. Ra5 {Ftacnik} 25. ... Qe8 ( 25. ... Qd7 {Kasimdzhanov
} 26. Nb6 Qc7 27. Ra2 Re8 28. Rc2 Qe7 29. Qd2 Qf6 ~ ) 26. Nb6 Rd8 27. Qc2 
+= ) 25. ... gxf3 26. Rxf3 g4 27. Rf1 ( 27. Rf2 Be7 -/+ ) 27. ... Be7 28. 
Ra5 {'?' Kasimdzhanov. Kasimdzhanov: 'a blunder. Correct was'} ( 28. Ra2!?
{Ftacnik} 28. ... Raf8 29. Raf2 =, quiet ) ( 28. Bxf4 {(Kasimdzhanov) 
though black should be better after} 28. ... Rxf4! ( 28. ... exf4 {
Kasimdzhanov} 29. e5 dxe5 30. Nxe5 Rf5 31. Nxg4 Rxd5 32. Qe1 Bc5+ 33. Kh1 
Rd6 34. Rxf4! â†’ ) ( 28. ... Raf8 {Kasimdzhanov} 29. Ne3 Rxf4 30. Nf5 
Qxf1+ ( 30. ... R8xf5 {Kasimdzhanov} 31. exf5 Rxf1+ 32. Qxf1 Qxd5 33. Kh1 
Kg7 ~ ) 31. Qxf1 Rxf1+ 32. Kxf1 =/& ) 29. Rxf4 exf4 30. Kh1 ( 30. e5 {
Kasimdzhanov} 30. ... dxe5 31. Qb1 Bc5+ 32. Kh1 Qe8 33. Qe4 Rd8 34. Rd1 
Bd4 -/+ ) 30. ... Rf8 31. Qd3 =+ f3 32. e5 Qe8 33. Nxd6 Bxd6 34. exd6 ) 
28. ... Qd7 {'?' Kasimdzhanov.} ( 28. ... Qxb3! -+ {(Kasimdzhanov) was 
faster} ) 29. Nb6 ( 29. Ra2 Raf8 30. Kh1 ( 30. Bxf4 Rxf4 31. Rxf4 exf4 -/+
) 30. ... Bg5 ( 30. ... Bd8 -/+ {Kasimdzhanov} ) 31. Raf2 b5 32. Nb6 Qb7 
-/+ ) 29. ... Qc7 30. Ra1 Raf8 31. Rc1? -+ D {Decissive mistake.

Black is a pawn ahead but there are a lot of tactics that skew attempts to
evaluate the position.
The first point to notice is that White's last move, 1 .Rc1 , appears to 
win
material in view of 1 . . .Qd8 2 Rc8 or 1 . . . Qb8 2 Nd7.
The second point is that Black can avoid that fate with 1 . . .Nh3+ 
followed
by winning the White queen with . . . .Rxf1+.
When some amateurs make a discovery like that, they're strongly tempted to
bang down the knight with check, with hardly any thought. But 1 . . .Nh3+
would turn out badly. After 2 gxh3 Rxf1+ 3 Qxf1 Rxf1 + 4 Kxf1 Black cannot
save his queen (4 . . .Qd8 5 Rc8).
A more experienced played would look further. He might notice that the
. . . Nh3+ idea can be reworked by playing 1 . . . Qb8. Then he can meet 2
Nd7
with a much better version of the check, 2 ...Nh3+ 3 gxh3 Rxf1+ 4 Qxf1 
Rxf1 +.
Of course, that's better than 1 . . .Nh3+??. But a master wants even more.
Because the position is pretty tactical, he would sense there's an even 
better
use of the . . . Nh3+ idea. Black came up with the stunning} ( {More 
stubborn was} 31. Qd2 âŒ“ Bg5 32. Nc4 b5 33. Nb2 Qc3! -/+ ) 31. ... Bg5! {
'!!' Kasimdzhanov.  'a very nice move to make. Now all the black's pieces 
start to cooperate, and it spells the end'} ( {Avoiding interesting trap:}
31. ... Nh3+?? 32. gxh3 Rxf1+ 33. Qxf1 Rxf1+ 34. Kxf1 +- {and black Q 
can't run away.} ) 32. Qd2! ( 32. Rxc7 Ne2+ 33. Qxe2 Bxe3+ -+ ) 32. ... 
Qe7! {'-+' Kasimdzhanov.} ( 32. ... Qxb6 33. Bxb6 Nh3+ 34. gxh3 Bxd2 35. 
Rxf7 Rxf7 36. Rc2 Bb4 -/+ ) 33. Rfe1 Qf6 34. Rc8? {Kasimdzhanov: 'this 
shortens the agony. White's position was beyond salvation.'} ( 34. Nc4 h4 
-+ ) ( 34. Kh1 {Kasimdzhanov} 34. ... Qg6 35. Rc4 h4 -+ ) 34. ... Ne2+ {
The clear superiority of 31 .. Bg5 ! ! over the other candidate moves was
revealed by calculation. More often the difference between alternatives is
much
less. What makes one candidate good, another better and a third best may 
simply
be a matter of how many chances each one gives your opponent to go wrong.}
( 34. ... Ne2+ 35. Qxe2 Bxe3+ 36. Kh1 Bxb6 37. Qc4 Qf2 38. Rb1 h4 ) 0-1

[Event "Moscow Ch Open"]
[Site "Moscow RUS"]
[Date "1998.??.??"]
[Round "6"]
[White "Vorobiov, Evgeny E"]
[Black "Belov, Vladimir"]
[Result "1-0"]
[WhiteElo "2475"]
[BlackElo "2280"]
[EventDate "1998.??.??"]
[PlyCount "75"]
[EventType "swiss"]
[EventRounds "9"]
[EventCountry "RUS"]
[Source "ChessBase"]
[SourceDate "1999.11.16"]
[WhiteTeamCountry "ENG"]
[BlackTeamCountry "ENG"]

1. e4 c5 2. Nf3 d6 3. d4 cxd4 4. Nxd4 Nf6 5. Nc3 a6 6. f3 e6 7. Be3 b5 8. 
g4 Bb7 9. Qd2 Nfd7 10. O-O-O Nb6 11. Bd3 N8d7 12. Kb1 Rc8 13. h4 d5 14. 
Bg5 Qc7 15. Rhe1 Bb4 D {Black has just played . . . Bb4. It looks strong 
because . . . Bxc3 as well as
...Na4 are threatened.

But White noticed that the bishop is also unprotected. The first idea that
comes to mind is 16 Nxd5 so that I . . . .Bxd2 2 Nxc7+ or I . . . exd5 2 
Qxb4. But
on closer inspection, this fails to I . . . Nxd5 ! , protecting the 
bishop.
That's enough reason to give up on I Nxd5 - but not to give up on the idea
of exploiting that bishop. White saw that} 16. Ncxb5 {has the same 2 Nxc7+
and
2 Qxb4 ideas as I Nxd5 .
However, once again there's a problem. Black can meet I Ncxb5 with the
countershot} 16. ... Qc5 {He defends his bishop and leaves White's knights
vulnerable.
White would lose material after Nc3, or  c3

White saw all this when he played I lLlcxb5 but he didn't reject the move.
Instead he searched for a counter to the counter-shot. He found} 17. Nb3! 
( 17. Nc3 Qxd4 ) ( 17. c3 axb5 18. cxb4 Qxd4 ) 17. ... Bxd2 18. Nxc5 Nxc5 
( 18. ... Bxe1 19. Nd6+ ) 19. Nd6+ {The American grandmaster Walter Browne
was renowned for his move
loyalty. In a U.S. Championship tournament, he emerged from a standard
opening variation, on the White side of a Petroff Defense. The position 
after
13 moves had been played many times before, but never by Browne.
He spotted a bizarre, tactical move, putting a bishop on h6, where it
threatened .Bxg7 but also allowed . . . gxh6. The more he looked at it, 
the more
he couldn't find a reason why it failed. Common sense told Browne that a
strange move like 14 Bh6 ! ? ! couldn't refute such a solid opening. But 
Browne
refused to abandon it. He calculated and calculated and eventually played 
the
move - and won.
Loyalty to an attractive candidate is another good habit. But to stick 
with a
move, it must pass a cost-benefit test. It's worth spending a significant 
amount
of time trying to justify the move you want to play if it would make a 
significant
change in your winning chances. If it doesn't make a big difference, it's 
not
worth the lost minutes.} 19. ... Kd7 20. Nxc8 Bxe1 21. Nxb6+ Kc6 22. Nxd5 
Nxd3 23. cxd3 exd5 24. Rxe1 h5 25. Rc1+ Kd7 26. Bf4 Rc8 27. Rxc8 Kxc8 28. 
gxh5 Kd7 29. h6 gxh6 30. Bxh6 Ke6 31. Kc2 f5 32. exf5+ Kxf5 33. Kc3 d4+ 
34. Kxd4 Bxf3 35. Kc5 Ke6 36. Kb6 Be2 37. Kxa6 Bxd3+ 38. Kb6 1-0

[Event "8. Gibtelecom Masters"]
[Site "Caleta ENG"]
[Date "2010.02.01"]
[Round "7"]
[White "Adams, Michael"]
[Black "Zhukova, Natalia"]
[Result "1/2-1/2"]
[WhiteElo "2694"]
[BlackElo "2462"]
[EventDate "2010.01.26"]

1. e4 Nf6 2. e5 Nd5 3. d4 d6 4. Nf3 g6 5. Bc4 Nb6 6. Bb3 Bg7 7. Qe2 O-O 8.
 h3 Nc6 9. O-O Na5 10. Nc3 Nxb3 11. axb3 Bf5 12. Ne4 Qd7 13. Ng3 a6 14. 
Re1 h6 15. Nh4 e6 16. Ne4 Bxe4 17. Qxe4 dxe5 18. dxe5 Qd5 19. Qe2 Qb5 20. 
Qe4 Qd5 21. Qg4 Qc6 22. c3 Nd7 23. Nf3 Nc5 24. Qh4 Nd3 25. Bxh6 Nxe1 26. 
Rxe1 f6 27. exf6 Rxf6 28. Ne5 Qe8 29. Ng4 Rf5 30. Bxg7 Kxg7 31. Qh6+ Kg8 
32. Re5 Qf7 33. Qh4 g5 34. Qh6 Re8 35. Rxf5 Qxf5 36. Qh5 Kf8 37. Qh8+ Ke7 
38. Qd4 Rd8 39. Qb4+ Ke8 40. Qxb7 Rd1+ 41. Kh2 Qf4+ 42. g3 Qd6 43. c4 D {
"My Turn"
Psychologists have found, through experiment after experiment, that people
have stronger feelings about losing than about winning. Economists, who 
also
analyzed this phenomenon, gave it a name, 'loss aversion' . And 
experienced
chess players know it as the curious feeling that the joy of winning a 
game never
quite makes up for the pain of losing one.
This helps explain why many amateurs fight desperately - and skillfully - 
in
a bad position. But then they relax when they realize the danger of losing
is past.
An amateur who survives a strong attack as Black may say, "Good, now I
can look forward to playing White in my next game."
A master in the same situation will say, "Good, now it's my tum to play 
for
a win in this game."

____________ diagram

White had missed two winning lines in the time scramble as well as a third
that would have brought Black to the verge of defeat. Now that the time 
control
was reached, Black could catch a breath.
She saw that the worst was over because 43 . . . Rb1 (or 1 . . . Ra1 and 1
. . . Rc1 )
followed by 2 . . . Qd1 should draw. Then her threat of mate on g l (or h 
1 if
White's queen leaves the diagonal) would force White to draw by perpetual
check.
Considering what had gone before - and how much stronger a player White
was - Black might have been expected to play a rook move quickly. Instead,
she
spent half an hour in thought.
But she wasn 't rechecking her analysis or looking for a simpler way to 
draw.
No, she wanted to know if Black had any winning attempts.
Only after failing to find any did she go into the drawing sequence of} 
43. ... Rb1! 44. Qe4 Qd1 45. Qxe6+ Kd8 46. Qf6+ Kc8 47. Qxa6+ Kb8 48. Qb5+
Ka7 49. Qa4+ Kb8 50. Qb5+ Ka7 51. Qc5+ Kb8 52. Qb5+ {And let's go back to 
Fischer one more time. After 44 moves during an
Olympiad team tournament in 1 970, his opponent, a friend, said "I don't 
know
who is better, Bobby, but I offer a draw."
Fischer was candid when he refused: "I don't know who is better either but
I have an extra pawn." Only when both sides were reduced to pass moves, 1 
6
moves later, did he accept the draw. That's the spirit o f a master.} 
1/2-1/2